000 00597nam a2200217 i 4500
001 bgj
100 1 _aDURZAK, Manfred.
245 1 0 _aDas expressionistische Drama :
_bErnst Barlach - Ernst Toller - Fritz von Unruh /
_cManfred Durzak.
260 _aMünchen :
_bNymphenburger Verlagshandlung
_c1979.
300 _a254, [1] s. ;
_c21 cm.
504 _aIndeks.
650 9 _aLiteratura niemiecka
020 _a3485030813
040 _cBPK
041 0 _ager
044 _aDEU
080 _a821.112.2
920 _a3-485-03081-3
942 _cKS
008 s gw f |000 0 ger
999 _c50941
_d50941
856 _uhttp://koha.tu.koszalin.pl/cgi-bin/koha/opac-detail.pl?biblionumber=50941
_yKatalog online BPK